[Event "?"]
[Site "?"]
[Date "2019.01.06"]
[Round "7.12"]
[White "Müller, Ludwig"]
[Black "Babichev, Vyacheslav"]
[Result "1-0"]
[WhiteElo "1799"]
[BlackElo "1835"]
[PlyCount "165"]
[EventDate "2019.??.??"]
[WhiteTeam "SGem Nürnberg"]
[BlackTeam "SW Nürnberg Süd"]

1. Nf3 Nf6 2. c4 g6 3. b3 Bg7 4. Bb2 O-O 5. e3 d6 6. d4 c6 7. Nbd2 Bg4 8. Be2
Re8 9. O-O d5 10. Ne5 Be6 11. f4 Nbd7 12. h3 Nxe5 13. fxe5 Nd7 14. Bg4 Nf8 15.
c5 Qa5 16. Nb1 f5 17. Bc3 Qc7 18. Be2 Bh6 19. Bd2 Nd7 20. b4 a6 21. Nc3 Rf8 22.
Qe1 Rf7 23. Qh4 Bg7 24. g4 Nf8 25. g5 Nd7 26. Qg3 h5 27. gxh6 Bxh6 28. Kf2 Nf8
29. h4 Rg7 30. Rh1 Nh7 31. Rag1 a5 32. a3 axb4 33. axb4 b5 34. Ra1 Rxa1 35.
Rxa1 Qb7 36. Qg1 Bc8 37. Ra5 e6 38. Qa1 Rc7 39. Bf3 Nf8 40. Ne2 Bd7 41. Nf4 Kf7
42. Nh3 Nh7 43. Ke2 Be8 44. Ra8 Kf8 45. Nf4 Ke7 46. Nxe6 Kxe6 47. Rxe8+ Kf7 48.
Ra8 Bf8 49. Be1 Be7 50. Bg3 Ke6 51. Ra6 Bd8 52. Ra8 Rd7 53. Qa6 Qxa6 54. Rxa6
Rc7 55. Bg2 Rc8 56. Ra7 Bc7 57. Kf3 Nf8 58. Bf4 Nd7 59. Bg5 Bb8 60. Ra6 Nf8 61.
Kg3 Kd7 62. Bf3 Kc7 63. h5 gxh5 64. Bxh5 Ne6 65. Bf6 f4+ 66. Kf2 Rg8 67. Bf7
fxe3+ 68. Kxe3 Nxd4 69. Bxg8 Nc2+ 70. Kd2 Nxb4 71. Ra1 d4 72. e6 Nd5 73. Bxd4
Ne7 74. Bf7 Kb7 75. Rf1 b4 76. Kc2 Ka6 77. Ra1+ Kb5 78. Kb3 Nd5 79. Re1 Bg3 80.
e7 Nc7 81. e8=Q Nxe8 82. Rxe8 Bf4 83. Bc4+ 1-0

[Event "?"]
[Site "?"]
[Date "2019.01.06"]
[Round "7.13"]
[White "Schaller, Michael"]
[Black "Ott, Hans"]
[Result "1-0"]
[WhiteElo "1274"]
[BlackElo "1553"]
[PlyCount "87"]
[EventDate "2019.??.??"]
[WhiteTeam "SW Nürnberg Süd"]
[BlackTeam "Zabo-Eintracht Nürnberg"]

1. e4 c5 2. Nf3 d6 3. Nc3 Nf6 4. Bc4 Nc6 5. Ng5 e6 6. O-O Be7 7. d3 O-O 8. a3
d5 9. Ba2 d4 10. Ne2 h6 11. Nf3 e5 12. c3 Bd6 13. Bd2 Ne7 14. Nh4 g5 15. Nf3
Kh7 16. Ng3 Rg8 17. Bxf7 Rg7 18. Ba2 Qe8 19. b4 Ng6 20. cxd4 cxd4 21. Ne1 Nf4
22. Bxf4 gxf4 23. Nf5 Bxf5 24. exf5 Qe7 25. Nf3 Nd7 26. Re1 Qf6 27. Bd5 Rb8 28.
Qa4 Nb6 29. Qb3 Nxd5 30. Qxd5 Rbg8 31. g3 fxg3 32. fxg3 Re7 33. Kg2 Bc7 34. Qe4
h5 35. Rac1 Rg4 36. Qxb7 Bd6 37. Qd5 h4 38. Rc8 hxg3 39. hxg3 Rxg3+ 40. Kxg3
e4+ 41. Kf2 e3+ 42. Ke2 Rf7 43. Rh1+ Kg7 44. Rch8 1-0

[Event "?"]
[Site "?"]
[Date "2019.01.06"]
[Round "7.14"]
[White "Klinger, Klaus"]
[Black "Barnowski, Roman"]
[Result "1/2-1/2"]
[WhiteElo "1696"]
[BlackElo "1382"]
[PlyCount "146"]
[EventDate "2019.??.??"]
[WhiteTeam "Zabo-Eintracht Nürnberg"]
[BlackTeam "SW Nürnberg Süd"]

1. d4 Nf6 2. Bf4 e6 3. e3 d5 4. c3 Bd6 5. Bxd6 Qxd6 6. Nf3 Nc6 7. Bb5 O-O 8.
Bxc6 bxc6 9. O-O Ne4 10. Nbd2 f5 11. Ne5 Nf6 12. c4 c5 13. Qa4 Bd7 14. Qa5 cxd4
15. exd4 Qb6 16. Qc3 Rab8 17. b3 c5 18. Ndf3 Rfc8 19. Rfb1 Be8 20. dxc5 Qxc5
21. Nd3 Ne4 22. Qb2 Qb6 23. cxd5 exd5 24. Qd4 Qxd4 25. Nxd4 Nc3 26. Re1 g6 27.
Nf4 Bf7 28. a3 Nb5 29. Nxb5 Rxb5 30. b4 a5 31. bxa5 Rxa5 32. Red1 Rc3 33. f3 g5
34. Rd3 Rxd3 35. Nxd3 d4 36. Kf2 Bc4 37. Nb2 Ba6 38. Ke1 Kf7 39. Kd2 Kf6 40. a4
Re5 41. Nd3 Re3 42. Ra3 Ke7 43. Rb3 Kd7 44. a5 Kc7 45. h3 Bc4 46. Rc3 dxc3+ 47.
Kxe3 c2 48. Nc1 Bf1 49. Kf2 Bc4 50. g3 Kd6 51. Ke3 Ke5 52. f4+ gxf4+ 53. gxf4+
Kd5 54. h4 h5 55. Kd2 Ke4 56. Kxc2 Kxf4 57. Kc3 Ba6 58. Nd3+ Kg4 59. Nc5 f4 60.
Kd2 Bb5 61. Ke1 Kxh4 62. Kf2 Kg4 63. a6 Bxa6 64. Nxa6 h4 65. Nc5 f3 66. Kg1 Kf4
67. Nd3+ Kg3 68. Nf2 Kf4 69. Kh2 Ke3 70. Ng4+ Ke2 71. Kh3 Kf1 72. Kxh4 Kg2 73.
Ne3+ Kh2 1/2-1/2

[Event "?"]
[Site "?"]
[Date "2019.01.06"]
[Round "7.15"]
[White "Dreiseitel, Ursula"]
[Black "Ott, Juan Luis"]
[Result "1/2-1/2"]
[WhiteElo "1478"]
[BlackElo "1304"]
[PlyCount "75"]
[EventDate "2019.??.??"]
[WhiteTeam "SW Nürnberg Süd"]
[BlackTeam "Zabo-Eintracht Nürnberg"]

1. d4 d5 2. Bf4 Nf6 3. Nf3 Nc6 4. e3 Bg4 5. Be2 e6 6. Nbd2 h6 7. h3 Bf5 8. O-O
Bd6 9. Bxd6 Qxd6 10. c4 dxc4 11. Nxc4 Qd7 12. Rc1 O-O 13. Qb3 Rab8 14. Rfd1 Qe7
15. Nfe5 Nxe5 16. Nxe5 c6 17. f3 Rfd8 18. e4 Bh7 19. Bc4 Nd7 20. Nxd7 Rxd7 21.
d5 exd5 22. exd5 cxd5 23. Bxd5 Bg6 24. Re1 Qd8 25. Bc4 Rd2 26. Re2 Rxe2 27.
Bxe2 b6 28. Rd1 Qe7 29. Bc4 Qc5+ 30. Kh1 Rc8 31. Ba6 Rc7 32. Rd8+ Kh7 33. Rd1
Bc2 34. Bd3+ Bxd3 35. Qxd3+ g6 36. Rd2 Qc1+ 37. Kh2 Re7 38. Re2 1/2-1/2

[Event "?"]
[Site "?"]
[Date "2019.01.06"]
[Round "7.17"]
[White "Lingl, Peter"]
[Black "Scheitler, Wolfgang"]
[Result "1-0"]
[WhiteElo "1563"]
[BlackElo "1542"]
[PlyCount "37"]
[EventDate "2019.??.??"]
[WhiteTeam "SC JÄKLECHEMIE"]
[BlackTeam "SW Nürnberg Süd"]

1. e4 c5 2. Nc3 Nc6 3. Bb5 g6 4. Bxc6 bxc6 5. d3 Bg7 6. f4 d5 7. e5 e6 8. Nf3
Ne7 9. O-O O-O 10. Qe1 Ba6 11. b3 c4 12. bxc4 dxc4 13. dxc4 Bxc4 14. Rf2 Nd5
15. Ne4 Qb6 16. Ba3 Rfd8 17. Bc5 Qa6 18. Bd6 Rd7 19. Nc5 1-0